|
|
|
|
| LEADER |
00681nab a2200193 i 4500 |
| 001 |
acta13823 |
| 005 |
20210412095522.0 |
| 008 |
161015s1957 hu o 0|| ger d |
| 022 |
|
|
|a 0001-6969
|
| 040 |
|
|
|a SZTE Egyetemi Kiadványok Repozitórium
|b hun
|
| 041 |
|
|
|a ger
|
| 100 |
1 |
|
|a Szász Gábor
|
| 245 |
1 |
0 |
|a Über die Translationen der Halbverbände
|h [elektronikus dokumentum] /
|c Szász Gábor
|
| 260 |
|
|
|c 1957
|
| 300 |
|
|
|a 44-47
|
| 490 |
0 |
|
|a Acta scientiarum mathematicarum
|v 18 No. 1-2
|
| 695 |
|
|
|a Természettudomány, Matematika, Művelődés
|
| 700 |
0 |
1 |
|a Szendrei János
|e aut
|
| 856 |
4 |
0 |
|u http://acta.bibl.u-szeged.hu/13823/1/math_018_fasc_001_002_044-047.pdf
|z Dokumentum-elérés
|